000 01808nam a2200433 c 4500
001 24861
003 ES-MaCES
005 20191213040010.0
008 130218s2012 sp o000 | spa d
017 _aM 37601-2012
_bDL
020 _a9788484174417
024 7 _a270-12-102-5
_2nipo
035 _aCES20130000482m
040 _aES-MaCES
_bspa
_cES-MaCES
245 0 3 _aLa negociación colectiva en los expedientes de regulación de empleo
_cRicardo Escudero Rodríguez (coord.); [autores], Natividad Mendonza Navas ... [et al.]
260 _aMadrid
_bMinisterio de Empleo y Seguridad Social, Subdirección General de Información Administrativa y Publicaciones
_c[2012]
300 _a397 p.
_c22 cm
490 1 _aColección Informes y estudios. Serie Relaciones laborales
_v103
500 _aEn la port.: Comisión Consultiva Nacional de Convenios Colectivos
541 _cGratuito
650 4 _arégimen jurídico
_929894
650 4 _aEspaña
_926964
650 4 _alegislación del trabajo
_927166
650 4 _aprocedimiento laboral
_930887
650 4 _aterminación de la relación de trabajo
_929986
650 4 _adespido colectivo
_928359
650 4 _anegociación colectiva
_928362
650 4 _acrisis económica
_927102
653 1 0 _aRelaciones laborales-Empleo
650 4 _929516
_areducción de la duración del trabajo
650 4 _928178
_aempresa
700 1 _aEscudero Rodríguez, Ricardo
_ecol.
_911391
700 1 _aMendoza Navas, Natividad
_918406
710 2 _aEspaña
_bMinisterio de Empleo y Seguridad Social
_eed.
_93243
830 0 _aColección Informes y estudios (España. Ministerio de Empleo y Seguridad Social)
_pSerie Relaciones laborales
_v103
_934668
902 _aLIB Libro
942 _2CES
_cBK
_h2.0.
999 _c24861
_d24861